| 000 | 00640nam a2200193 a 4500 | ||
|---|---|---|---|
| 001 | 000016185 | ||
| 005 | 20200929164317.0 | ||
| 008 | 100301s2004 dr 000 0 spa d | ||
| 020 | _a9993422576 | ||
| 040 |
_aDO-SdBNP _bspa _cBNPHU |
||
| 082 |
_axxxx _bB446d |
||
| 100 | 1 |
_aBello Rosa, Virgilio _936211 |
|
| 245 | 1 | 4 |
_aLos dictámenes del procurador / _cVirgilio Bello Rosa ; prólogo Juan Ml. Pellerano Gómez. |
| 260 |
_aSanto Domingo : _bEl Nuevo Diario, _c2004. |
||
| 300 |
_a549 p. ; _c21 cm. |
||
| 500 | _aIncluye datos biográficos del autor en las solapas | ||
| 700 | 1 |
_aPellerano Gómez, Juan Ml. _epról. _911850 |
|
| 049 | _aBNPD | ||
| 999 |
_c15724 _d15724 |
||